LEADER 00885nam0-22003011i-450- 001 990000897140403321 005 20001010 010 $a0-8493-1715-0 035 $a000089714 035 $aFED01000089714 035 $a(Aleph)000089714FED01 035 $a000089714 100 $a20001010d--------km-y0itay50------ba 101 0 $aita 105 $ay-------001yy 200 1 $aStrengthening of Reinforced Concrete Structures$eUsing Externally-Bonded FRP Composites in Structural and CivilEngineering 205 $a1 Ed. 210 $aUSA$cCRC Press$d1999 700 1$aHollaway,$bLeonard$029179 702 1$aLeeming,$bMichael B. 801 0$aIT$bUNINA$gRICA$2UNIMARC 901 $aBK 912 $a990000897140403321 952 $a03 MC.0,37$bDip.493$fIINTC 959 $aIINTC 996 $aStrengthening of Reinforced Concrete Structures$9357123 997 $aUNINA DB $aING01 LEADER 01455nam0 2200349 i 450 001 SUN0125346 005 20200410103234.884 010 $d0.00 017 70$2N$a9783319749204 100 $a20191106d2018 |0engc50 ba 101 $aeng 102 $aCH 105 $a|||| ||||| 200 1 $a*Multifunctional Gold Nanostars for Cancer Theranostics$fYang Liu 205 $aCham : Springer, 2018 210 $aXX$d71 p.$cill. ; 24 cm 215 $aPubblicazione in formato elettronico 410 1$1001SUN0104193$12001 $a*Springer theses$erecognizing outstanding Ph.D. research$1210 $aBerlin$aHeidelberg$cSpringer. 620 $aCH$dCham$3SUNL001889 676 $a540$cChimica generale$v22 676 $a543.65$cSpettrometria di massa. Spettroscopia di massa$v22 676 $a610.28$cIngegneria biomedica$v22 676 $a616.027$cMedicina sperimentale$v22 676 $a541.2$cChimica teorica$v22 700 1$aLiu$b, Yang$3SUNV096779$0651655 712 $aSpringer$3SUNV000178$4650 801 $aIT$bSOL$c20200921$gRICA 856 4 $uhttps://link.springer.com/book/10.1007%2F978-3-319-74920-4#toc 912 $aSUN0125346 950 $aUFFICIO DI BIBLIOTECA DEL DIPARTIMENTO DI SCIENZE E TECNOLOGIE AMBIENTALI BIOLOGICHE E FARMACEUTICHE$d17CONS e-book 2112 $e17BIB2112 133 20191106 996 $aMultifunctional Gold Nanostars for Cancer Theranostics$91564864 997 $aUNICAMPANIA LEADER 02895nam 2200649 450 001 9910460544803321 005 20200520144314.0 010 $a0-299-30463-9 035 $a(CKB)3710000000448858 035 $a(EBL)3445461 035 $a(SSID)ssj0001522515 035 $a(PQKBManifestationID)12606995 035 $a(PQKBTitleCode)TC0001522515 035 $a(PQKBWorkID)11463003 035 $a(PQKB)10049050 035 $a(MiAaPQ)EBC3445461 035 $a(OCoLC)914028363 035 $a(MdBmJHUP)muse42733 035 $a(Au-PeEL)EBL3445461 035 $a(CaPaEBR)ebr11079872 035 $a(CaONFJC)MIL815051 035 $a(EXLCZ)993710000000448858 100 $a20150729h20152015 uy 0 101 0 $aeng 135 $aur|n|---||||| 181 $ctxt 182 $cc 183 $acr 200 00$aHistorical justice and memory /$fedited by Klaus Neumann and Janna Thompson 210 1$aMadison, Wisconsin :$cThe University of Wisconsin Press,$d2015. 210 4$dİ2015 215 $a1 online resource (271 p.) 225 1 $aCritical Human Rights 300 $aDescription based upon print version of record. 311 $a0-299-30464-7 320 $aIncludes bibliographical references and index. 327 $aIntroduction: Beyond the legalist paradigm / Klaus Neumann and Janna Thompson -- Memory culture and human rights: a new constellation / Andreas Huyssen -- Reparative claims and theories of justice / Janna Thompson -- The political field of reparations / John Torpey -- How the past matters: on the foundations of an ethics of remembrance / Jeffrey Blustein -- The politics of memory, victimization and activism in post-conflict Bosnia and Herzegovina / Elazar Barkan and Belma Becirbasic -- Memories in transition: the Spanish law of historical memory / Patrizia Violi -- How can truth telling count as reparations? / Margaret Urban Walker -- Promoting historical justice through truth commissions: an uneasy relationship / Onur Bakiner -- Repairing historical wrongs and the end of empire / Daniel Butt -- Historical dialogue: beyond transitional justice and conflict resolution / Elazar Barkan -- Memory, justice, and post-terror futures / Mark Pendleton. 410 0$aCritical human rights. 606 $aTransitional justice 606 $aTruth commissions 606 $aReparations for historical injustices 606 $aCollective memory 608 $aElectronic books. 615 0$aTransitional justice. 615 0$aTruth commissions. 615 0$aReparations for historical injustices. 615 0$aCollective memory. 676 $a320.01/1 702 $aNeumann$b Klaus$f1958- 702 $aThompson$b Janna$f1942- 801 0$bMiAaPQ 801 1$bMiAaPQ 801 2$bMiAaPQ 906 $aBOOK 912 $a9910460544803321 996 $aHistorical justice and memory$92156421 997 $aUNINA